000 00360nam a2200157Ia 4500
003 Ost
005 20260225132558.0
008 260225s9999||||xx |||||||||||||| ||und||
040 _cfsic
041 _afre
082 _a302.23
100 _abenguerna
_eAuteur
245 0 _amondialisation et enjeux l'inguistiques /
245 0 _cbenguerna
942 _cكتاب
999 _c34595
_d34595